<?xml version="1.0" encoding="UTF-8"?>
<collection xmlns="http://www.loc.gov/MARC21/slim">
 <record>
  <leader>01213nam a2200217Ia 4500</leader>
  <controlfield tag="001">TDMU_7730</controlfield>
  <controlfield tag="008">210410s9999    xx            000 0 und d</controlfield>
  <datafield tag="082" ind1=" " ind2=" ">
   <subfield code="a">363.7</subfield>
  </datafield>
  <datafield tag="090" ind1=" " ind2=" ">
   <subfield code="b">T116</subfield>
  </datafield>
  <datafield tag="100" ind1=" " ind2=" ">
   <subfield code="a">Tăng, Văn ĐoaÌ€n</subfield>
  </datafield>
  <datafield tag="245" ind1=" " ind2="0">
   <subfield code="a">GiaÌo triÌ€nh cơ sơÌ‰ kyÌƒ thuâÌ£t môi trươÌ€ng</subfield>
  </datafield>
  <datafield tag="245" ind1=" " ind2="0">
   <subfield code="c">PGS. Tăng Văn ĐoaÌ€n, PGS. TS. TrâÌ€n ĐưÌc HaÌ£</subfield>
  </datafield>
  <datafield tag="260" ind1=" " ind2=" ">
   <subfield code="a">H.</subfield>
  </datafield>
  <datafield tag="260" ind1=" " ind2=" ">
   <subfield code="b">GiaÌo duÌ£c</subfield>
  </datafield>
  <datafield tag="260" ind1=" " ind2=" ">
   <subfield code="c">2008</subfield>
  </datafield>
  <datafield tag="300" ind1=" " ind2=" ">
   <subfield code="a">179tr.</subfield>
  </datafield>
  <datafield tag="520" ind1=" " ind2=" ">
   <subfield code="a">Cung câÌp nhưÌƒng kiêÌn thưÌc cơ baÌ‰n vêÌ€ sinh thaÌi hoÌ£c, baÌ‰o vêÌ£ môi trươÌ€ng, khai thaÌc sưÌ‰ duÌ£ng hơÌ£p liÌ vaÌ€ tiêÌt kiêÌ£m taÌ€i nguyên thiên nhiên</subfield>
  </datafield>
  <datafield tag="650" ind1=" " ind2=" ">
   <subfield code="a">KyÌƒ thuâÌ£t môi trươÌ€ng </subfield>
   <subfield code="v">GiaÌo triÌ€nh; Môi trươÌ€ng; KyÌƒ thuâÌ£t môi trươÌ€ng; BaÌ‰o vêÌ£ môi trươÌ€ng; Ô nhiêÌƒm môi trươÌ€ng</subfield>
  </datafield>
  <datafield tag="700" ind1=" " ind2=" ">
   <subfield code="a">TrâÌ€n, ĐưÌc HaÌ£</subfield>
  </datafield>
  <datafield tag="856" ind1=" " ind2=" ">
   <subfield code="u">http://lrc.tdmu.edu.vn/opac/search/detail.asp?aID=2&amp;ID=7730</subfield>
  </datafield>
  <datafield tag="980" ind1=" " ind2=" ">
   <subfield code="a">Trung tâm Học liệu Trường Đại học Thủ Dầu Một</subfield>
  </datafield>
 </record>
</collection>
